Statistics for European Country OR Capital Starting with 2 Consonants

Click here to take the quiz!

General Stats

  • This quiz has been taken 123 times
  • The average score is 11 of 17

Answer Stats

Country% Correct
Sweden
90%
France
81%
Slovenia
81%
Spain
81%
Slovakia
78%
Greece
77%
Czech Republic
75%
Switzerland
75%
Stockholm
74%
Croatia
70%
Prague
65%
Bratislava
58%
Ljubljana
56%
Brussels
48%
Pristina
38%
Skopje
35%
Chisinau
34%

Score Distribution

Percentile by Number Answered

Percent of People with Each Score

Your Score History

You have not taken this quiz